| 000 | 01051nam a22002175i 4500 | ||
|---|---|---|---|
| 001 | 153779 | ||
| 003 | ES-MaACL | ||
| 005 | 20250827062633.0 | ||
| 008 | 000211s1899 sp |||| | spa d | ||
| 040 |
_aCCPB | B _bspa _cCCPB | B |
||
| 110 | 1 |
_aEspaña _93622 |
|
| 240 | 1 | 0 | _aLeyes, etc., de Tribunales y Juzgados |
| 245 | 1 | 0 |
_aLo gubernativo en los tribunales y juzgados _b: colección metódica y ordenada de las disposiciones legales vigentes que en materia gubernativa necesitan conocer los Presidentes de los Tribunales, jueces, secretarios, abogados, etc. seguido de un índicve general cronológico / _cpor Francisco Sánchez Torres. |
| 260 |
_aAlbacete : _bImprenta y libreria de Sebastian Ruiz, _c1899. |
||
| 300 |
_a828 p. ; _c21 cm. |
||
| 650 | 4 |
_aJusticia- _xOrganización y administración. _9222118 |
|
| 700 | 2 | 1 |
_aSánchez Torres, Francisco, _ecomp. _9133018 |
| 752 |
_aEspaña - _dAlbacete |
||
| 852 |
_aES-MaACL _jB-143 _z-- Enc. pasta española _z-- Enc. con "Apéndice á Lo gubernativo ..." 1904 |
||
| 999 |
_c153779 _d153779 |
||